Statistiques concernant C'est le bordel chez les ILMS

Cliquez ici pour prendre le quiz!

Statistiques générales

  • Ce quiz a été pris 6 fois
  • Le résultat moyen est 11 sur 20

Statistiques - réponses

IndiceRéponse% Correct
Si je ne prend pas le train le jeudi soir, je meursBenjamin
100%
Si vous voulez sortir sur Pigale, il n'y a qu'une seule personne a appelerCynthia
100%
On me voit, on me voit plusGérémy
100%
Je ne me balade pas sans ma cigarette électroniqueLaura
100%
Une woke de qualitéLaurine
100%
Mon rêve est d'être influenceuseMarilou
100%
On boit un verre ?Morgann
100%
J'ai été à l'origine d'un cluster avec une soiréeOcéane
100%
Pôle emploi devient France travail, SNCF devient France tchoutchouPaul
100%
Il aurait "été" à MilanSunny
83%
Gngngn Montpellier c'est la meilleure ville de FranceKowtar
67%
Je porte tout le temps des jupesSandrine
67%
J'ai été ministre des sports durant une courte duréeAlice
0%
Notre marseillais préféré !Chérif
0%
Madame ragotsCynthia
0%
Je m'appelle .... et j'aime les gros câlinsKowtar
0%
Parler de sexe moi ? Pas de problème !Lara
0%
J'aime dormir par terre au fond de la classeLoic
0%
J'ai un rooftop dans mon immeuble mais j'ai toujours pas invité la promoMorgann
0%
J'aime déposer des petits mots le matin ;)Zayad
0%

Distribution des résultats

Percentile par nombre de réponses

% des personnes avec chaque résultat

Votre développement - résultats

Vous n’avez pas pris ce quiz